| 000 | 00416nam a22001457a 4500 | ||
|---|---|---|---|
| 003 | OSt | ||
| 008 | 240323b |||||||| |||| 00| 0 eng d | ||
| 020 | _a9789351473268 | ||
| 082 | _a004 EAG | ||
| 100 | _aMADE EASY PUBLICATIONS | ||
| 245 | _aPractice Book Multiply choice Question for GATE and PSUs Computer Science and IT | ||
| 260 |
_aNew Delhi _bMADE EASY PUBLICATIONS _c2023 |
||
| 300 | _a469 | ||
| 942 |
_2ddc _cREF |
||
| 999 |
_c12279 _d12279 |
||